<?xml version="1.0" encoding="UTF-8"?>
<record
    xmlns:xsi="http://www.w3.org/2001/XMLSchema-instance"
    xsi:schemaLocation="http://www.loc.gov/MARC21/slim http://www.loc.gov/standards/marcxml/schema/MARC21slim.xsd"
    xmlns="http://www.loc.gov/MARC21/slim">

  <leader>01303nam a22002057a 4500</leader>
  <datafield tag="952" ind1=" " ind2=" ">
    <subfield code="0">0</subfield>
    <subfield code="1">0</subfield>
    <subfield code="4">0</subfield>
    <subfield code="7">0</subfield>
    <subfield code="a">18</subfield>
    <subfield code="b">18</subfield>
    <subfield code="d">2016-10-17</subfield>
    <subfield code="l">1</subfield>
    <subfield code="o">KGF4603 K39 2011</subfield>
    <subfield code="p">18 003855</subfield>
    <subfield code="r">2018-10-22</subfield>
    <subfield code="s">2018-10-22</subfield>
    <subfield code="t">1</subfield>
    <subfield code="w">2016-10-17</subfield>
    <subfield code="y">LB</subfield>
  </datafield>
  <datafield tag="999" ind1=" " ind2=" ">
    <subfield code="c">101184</subfield>
    <subfield code="d">101184</subfield>
  </datafield>
  <controlfield tag="008">161017s2011    mx ||||fr|||| 00| 0 spa d</controlfield>
  <datafield tag="020" ind1=" " ind2=" ">
    <subfield code="a">9786079142193</subfield>
  </datafield>
  <datafield tag="050" ind1="0" ind2="4">
    <subfield code="a">KGF4603</subfield>
    <subfield code="b">K39 2011</subfield>
  </datafield>
  <datafield tag="100" ind1="1" ind2=" ">
    <subfield code="a">Kaye, Dionisio J.</subfield>
    <subfield code="e">autor</subfield>
  </datafield>
  <datafield tag="245" ind1="1" ind2="0">
    <subfield code="a">Nuevo derecho procesal fiscal y administrativo</subfield>
    <subfield code="c"> / Dionisio J. Kaye</subfield>
  </datafield>
  <datafield tag="250" ind1=" " ind2=" ">
    <subfield code="a">4a. edici&#xF3;n</subfield>
  </datafield>
  <datafield tag="260" ind1="3" ind2=" ">
    <subfield code="a">M&#xE9;xico</subfield>
    <subfield code="b"> : Themis</subfield>
    <subfield code="c">, 2011</subfield>
  </datafield>
  <datafield tag="300" ind1=" " ind2=" ">
    <subfield code="a">xxix, 703 p&#xE1;ginas</subfield>
  </datafield>
  <datafield tag="504" ind1=" " ind2=" ">
    <subfield code="a">Bibliograf&#xED;a (pp. 699-703)</subfield>
  </datafield>
  <datafield tag="505" ind1=" " ind2=" ">
    <subfield code="a">Estructura fiscal federal
La justicia administrativa y el proceso y procedimiento tributario
Normas y principios que rigen los tr&#xE1;mites administrativos en materia tributaria
Las consultas en materia fiscal
Procedimientos relacionados con la extinci&#xF3;n de cr&#xE9;ditos fiscales
Prescripci&#xF3;n y caducidad en materia fiscal
El pago de lo indebido y sus medios de defensa
Instancias para desvirtuar la &#xFA;ltima acta parcial de visita domiciliaria
Los recursos administrativos
Juicio contencioso administrativo
El amparo en materia fiscal
El procedimiento amistoso de soluci&#xF3;n de controversias fiscales internacionales</subfield>
  </datafield>
  <datafield tag="519" ind1=" " ind2=" ">
    <subfield code="a">Educaci&#xF3;n Mixta / </subfield>
    <subfield code="b">Derecho / </subfield>
    <subfield code="c">Derecho Procesal Fiscal (P13-3) / </subfield>
    <subfield code="d">(18 003855)</subfield>
  </datafield>
  <datafield tag="650" ind1="1" ind2="4">
    <subfield code="a">ADMINISTRACI&#xD3;N TRIBUTARIA</subfield>
    <subfield code="z">M&#xC9;XICO</subfield>
  </datafield>
  <datafield tag="650" ind1="1" ind2="4">
    <subfield code="a">IMPUESTOS</subfield>
    <subfield code="x">LEYES Y LEGISLACI&#xD3;N</subfield>
    <subfield code="z">M&#xC9;XICO</subfield>
  </datafield>
  <datafield tag="942" ind1=" " ind2=" ">
    <subfield code="c">LB</subfield>
  </datafield>
</record>
